000 00266nam a2200097Ia 4500
001 650186
005 20250826154354.0
008 250824s9999 xx 000 0 und d
245 0 _aDEFİNE ANTİK OKUL KLASİKLERİ
_cMEHMET RAUF
260 _bANTİK DÜNYA KLASİKLERİ
999 _c650186
_d650186